Statystyki dla Rasy psów po zdjęciu

Kliknij tutaj aby rozwiązać quiz!

Ogólne statystyki

  • Ten quiz został rozwiązany 825 razy
  • Średni wynik to 11 z 20

Statystyki odpowiedzi

Odpowiedź% Poprawnych
Owczarek niemiecki
98%
Jamnik
88%
Doberman
82%
Buldog francuski
74%
Maltańczyk
74%
Beagle
68%
Bokser
63%
Buldog angielski
62%
Bernardyn
59%
Rottweiler
56%
Shiba
52%
Border collie
51%
Golden retriever
51%
Pekińczyk
49%
Samojed
49%
Husky syberyjski
34%
Basset
28%
Pudel duży
20%
Chart polski
12%
Owczarek szkocki długowłosy
12%

Rozkład punktacji

Percentyl według liczby udzielonych odpowiedzi

Procent ludzi z każdym wynikiem

Twoja historia wyników

Nie rozwiązałeś tego quizu